German States Quiz - Thuringia - Statistics

General Stats
  • This quiz has been taken 27 times
  • The average score is 10 of 16
Answer Stats
Hint Answer % Correct
Widely regarded as the greatest German writer, resided in the same city Johann Wolfgang von Goethe
92%
It is also the place where this priest hid and translated the bible Martin Luther
83%
City in which the first constitution of a German democracy was made, giving the newly founded republic the city's name Weimar
83%
State Capital Erfurt
75%
the location of Thuringia in Germany central
67%
... overlooking this city in the west of Thuringia Eisenach
67%
Playwright who spent years living in the above; notable works include Ode To Joy Friedrich Schiller
67%
Before 1990, it was part of this country German Democratic Republic
67%
Composer of the late Baroque period; you can find his works in a catalogue abbreviated BWV Johann Sebastian Bach
67%
Type of sausage, local speciality Thüringer Rostbratwurst
67%
Name for a river as well as a city in Thuringia Gera
58%
Optician; the company he founded is named after him and still famous for planetarium projectors, microscopes etc Carl Zeiss
50%
The most famous and important being this one; UNESCO world heritage site and namesake for a brand of cars Wartburg
42%
There's over 400 of this specific type of building Castles
25%
Minister President Mario Voigt
25%
Ceramic product, one of Thuringia's traditional industries Porcelain
25%
No matching quizzes found
Score Distribution
Percent of People with Each Score
Percentile by Number Answered
Your Score History
You have not taken this quiz